000 00950nam a22002177a 4500
005 20210325205849.0
008 s2554 th ||||| |||| 00| 0 tha d
020 _a9786167283203
050 _aRC591 ป615ห 2554
100 0 _aปิติกานต์ บูรณาภาพ
245 1 0 _aหอบ หืด ภูมิแพ้ ดูแลเป็น : ใช้ชีวิตอย่าง...มีสุข เสมือนคน...ไม่มีโรค
260 3 _aกรุงเทพฯ :
_bวิทยสถาน,
_c2554
300 _a240 หน้า :
_b ภาพประกอบ, ตาราง ;
_c 21 ซม.
650 0 4 _aภูมิแพ้
650 0 4 _aหืด
850 _aNALT
942 _cGB
997 _a39964 ฉ.1 /39965 ฉ.2
997 _c000000000064655
998 _aนางสุกัญญา กัลยา
999 _c64655
_d64655